000
00296 a2200121 4500
000
nam a22 7a 4500
005
20260210155634.0
020
_a
9788197346200 (hbk)
100
_a
Anwar Jamal
_9
1114892
245
_a
Nazaryat-e-falsafa
260
_b
Matterlink Publishers
_c
2024
942
_c
TB
999
_c
1679126
_d
1679126